|
|
|
|
| LEADER |
00000ny a22000003n 4500 |
| 005 |
20110623174444.0 |
| 008 |
100324s pe 000 0 spa d |
| 020 |
|
|
|a 9789972733222
|
| 035 |
|
|
|a 4628
|
| 040 |
|
|
|a BUS
|d vLex
|
| 090 |
|
|
|c 1179
|d 1179
|
| 100 |
1 |
|
|a Quispe Farfǹ, Fany
|
| 245 |
1 |
3 |
|a El derecho a la presuncin̤ de inocencia
|h [Recurso electrn̤ico]
|c Fany Soledad Quispe Farfǹ
|
| 256 |
|
|
|a Servicio en ln̕ea
|
| 260 |
|
|
|a Lima :
|b Palestra Editores,
|c 2001
|
| 300 |
|
|
|a v.
|
| 506 |
1 |
|
|a Contenido solo disponible en los productos indicados
|d vLex Global
|d vLex Global (Academic Edition, excluding Law Schools)
|d vLex Global (U.S. Academic Edition, Law Schools)
|d vLex Global (U.S. Academic Edition, excluding Law Schools)
|d vLex Global (Academic Edition, Law Schools)
|
| 650 |
0 |
4 |
|a Presuncion de inocencia
|z Per︢
|
| 740 |
0 |
|
|a vLex Libros (Servicios en ln̕ea)
|
| 856 |
|
|
|z Acceso restringido
|u http://vlex.com/source/derecho-presuncion-inocencia-4628
|
| 942 |
|
|
|c BOOK
|